| 000 | 00514nam a2200193Ia 4500 | ||
|---|---|---|---|
| 003 | GCL | ||
| 008 | 140319s9999 xx 000 0 eng d | ||
| 040 |
_aGCL / _cGCL |
||
| 082 | 0 | 4 | _a709.04 |
| 100 | 1 | _aCHATELET, ALBERT | |
| 245 | 1 | 0 |
_aHISTOIRE DE L'ART : L'EPANOUISSEMENT DE L'ART MODERNE / _cCHATELET, ALBERT |
| 260 |
_a[S.N] : _bPEFERENAS LAROUSE ، _c1992 |
||
| 300 | _a289P | ||
| 650 | 0 | 4 | _aHISTORY OF ART |
| 650 | 0 | 4 | _aMODERN ART |
| 650 | 0 | 4 | _aBAROQUE ART |
| 650 | 0 | 4 | _aART - HISTORY |
| 942 |
_2ddc _cBK |
||
| 999 |
_c10897 _d10897 |
||